000 00305nam a22001097a 4500
008 160629b xxu||||| |||| 00| 0 eng d
100 _91350
_a Maheswari, et al
245 _aLaboratory Manual in Biology - XII
260 _aN.D
_bArya
_c2005
300 _aLaboratory Manual in Biology - XII
942 _2ddc
_cBK
999 _c1110
_d1110